3 History Threesomes II Quiz Stats

Quiz Updated Feb 25, 2018

Challenge
Share
Tweet
Embed
Score 0/9 Timer 01:30
1 Play Today
Hint Answer % Correct
Big Three at YaltaWinston Churchill
89.5%
Big Three at YaltaFranklin Roosevelt
88.3%
Big Three at YaltaJoseph Stalin
88.2%
Second Roman TriumvirateOctavius (Augustus)
73.2%
Federalist Papers AuthorsAlexander Hamilton
64.6%
Federalist Papers AuthorsJames Madison
63.1%
Second Roman TriumvirateMark Antony
43%
Federalist Papers AuthorsJohn Jay
39.7%
Second Roman TriumvirateMarcus Lepidus
15.2%

You're not logged in!

Compare scores with friends on all Sporcle quizzes.
Sign Up with Email
OR
Log In

You Might Also Like...

Show Comments

Extras

Top Quizzes Today


Score Distribution

Your Account Isn't Verified!

In order to create a playlist on Sporcle, you need to verify the email address you used during registration. Go to your Sporcle Settings to finish the process.

Report this User

Report this user for behavior that violates our Community Guidelines.

Details: